000 01205pam a2200373 a 4500
001 3351530
003 OSt
005 20140310184453.0
008 860627s1987 nyua j b 001 0 eng
010 _a 86017646
020 _a0590962264
040 _aDLC
_cDLC
_dDLC
042 _alcac
043 _af-ua---
050 0 0 _aDT 62.M7
_b.P49 1996
100 1 _aPerl, Lila.
_913470
245 1 0 _aMummies, tombs, and treasure :
_bsecrets of Ancient Egypt /
_cLila Perl ; drawings by Erika Weihs.
260 _aNew York :
_bClarion Books,
_c1996.
300 _a120 p. :
_bill. ;
_c23 cm.
500 _aIncludes index.
521 _aG9
526 _c1090
650 0 _aMummies
_zEgypt
_xJuvenile literature.
_928168
650 0 _aTombs
_zEgypt
_xJuvenile literature.
_928169
650 1 _aMummies
_zEgypt.
_928170
650 1 _aTombs
_zEgypt.
_928171
651 0 _aEgypt
_xAntiquities
_xJuvenile literature.
_928172
651 1 _aEgypt
_xAntiquities.
_928173
700 1 _aWeihs, Erika,
_eill.
_928174
856 4 2 _3Publisher description
_uhttp://www.loc.gov/catdir/description/hm021/86017646.html
906 _a7
_bcbc
_corignew
_d1
_eocip
_f19
_gy-gencatlg
942 _2lcc
_cBK-SCHOLAS
999 _c34605
_d34605